00545 2200193 4500001002100000005001500021008004100036020002200077035001900099041000700118082000800125090001400133100002000147700002500167245007500192260002400267300003400291650002600325INLIS00000000000778720241224113530241224||||||||| | ||| |||| || |  a978-979-3714-82-0 0010-1224007787 aid0 a372 a372 TIM p0 aTim kalisa Pena0 aTim Ahli Hikmah Ilmu00aPaket 3 in 1 Siap Ulangan Harian dan Semester IPA Kelas IX B untuk SMP aBogorbHikmahc2009 a29x21 cm, ii, 78 hlm.; ilus.: 0aIlmu Pengetahuan Alam